Model trhu s elektrinou. Ekonomické aspekty výroby, prenosu a distribúcie elektriny v Slovenskej Republike
Enregistré dans:
| Auteurs principaux: | , , , , |
|---|---|
| Format: | Livre |
| Langue: | slovaque |
| Publié: |
Bratislava :
STU v Bratislave,
2009
|
| Sujets: | |
| Tags: |
Pas de tags, Soyez le premier à ajouter un tag!
|
MARC
| LEADER | 00000nam a22000003a 4500 | ||
|---|---|---|---|
| 001 | stu200275 | ||
| 005 | 20250131131327.8 | ||
| 008 | 100301s2009------------------------slo-d | ||
| 020 | |a 978-80-89402-10-6 | ||
| 040 | |a STU |b slo | ||
| 041 | 0 | |a slo | |
| 080 | |a 621.311 | ||
| 100 | 1 | |a Janíček, František, |d 1954- |4 aut |u E020 |9 25 |U FEI Fakulta elektrotechniky a informatiky |T FEI Ústav elektroenergetiky a aplikovanej elektrotechniky |X 1958 |U E020 |Y 548 |7 A000001958 | |
| 242 | 0 | 0 | |a Model of the Electricity Market. Economic Aspects of Production, Transmission and Distribution of Electricity in Slovakia |y eng |
| 245 | 1 | |a Model trhu s elektrinou. Ekonomické aspekty výroby, prenosu a distribúcie elektriny v Slovenskej Republike | |
| 260 | |a Bratislava : |b STU v Bratislave, |c 2009 | ||
| 300 | |a 173 s. | ||
| 650 | 7 | |a trh s elektrinou |2 stusub | |
| 650 | 7 | |a výroba elektriny |2 stusub | |
| 650 | 7 | |a prenos elektriny |2 stusub | |
| 650 | 7 | |a distribúcia elektriny |2 stusub | |
| 700 | 1 | |a Krondiak, Emil |4 aut |9 15 | |
| 700 | 1 | |a Kultan, Jaroslav |4 aut |9 20 | |
| 700 | 1 | |a Šedivý, Juraj, |d 1983- |4 aut |u E020 |9 20 |U FEI Fakulta elektrotechniky a informatiky |T FEI Ústav elektroenergetiky a aplikovanej elektrotechniky |X 11642 |U E020 |Y 548 |7 A000011642 | |
| 700 | 1 | |a Vechter, Juraj, |d 1953- |4 aut |9 20 |X 68134 |7 A000068134 | |
| 996 | |b 284EK88229 |c E*88229 |l EE01 |s A |a 24 |w stu200275_0001 | ||
| 996 | |b 284EK88228 |c E*88228 |l EE0101 |s P |a 0 |w stu200275_0002 | ||
| 996 | |b 284EK88237 |c E*88237 |l EE06 |s P |a 0 |w stu200275_0003 | ||
| 996 | |b 284EK90907 |c E* 90907 |l EE01 |s A |a 24 |w stu200275_0004 | ||
| 996 | |b 284EK90908 |c E* 90908 |l EE01 |s A |a 24 |w stu200275_0005 | ||
| 996 | |b 284EK90909 |c E* 90909 |l EE01 |s A |a 24 |w stu200275_0006 | ||
| 996 | |b 284EK90910 |c E* 90910 |l EE01 |s A |a 24 |w stu200275_0007 | ||